|
|
|
|
| LEADER |
00000cam a2200000 7i4500 |
| 001 |
0000004660 |
| 002 |
000005027 |
| 005 |
20000330.0 |
| 020 |
|
|
|a 9679784533
|
| 090 |
0 |
0 |
|a 641.56314
|b WEE
|
| 100 |
1 |
|
|a Wee, Patricia
|
| 245 |
1 |
0 |
|a Diet & diabetes
|c Patricia Wee and Lee Lai Fun
|
| 260 |
|
|
|a Petaling Jaya :
|b Pelanduk Publcations(M) Sdn Bhd ,
|c 1993
|
| 300 |
|
|
|a 93p. ;
|c 18cm.
|
| 650 |
0 |
0 |
|a Dietatic foods
|
| 650 |
0 |
0 |
|a Hutrition
|
| 650 |
0 |
0 |
|a Weight loss
|
| 700 |
0 |
|
|a Lee Lai Fun
|
| 999 |
|
|
|a 032636
|b BUKU
|c PINJAMAN
|e PERPUSTAKAAN KOMUNITI PETALING JAYA
|
| 999 |
|
|
|a 032637
|b BUKU
|c PINJAMAN
|e PERPUSTAKAAN KOMUNITI PETALING JAYA
|
| 999 |
|
|
|a 040364
|b BUKU
|c PINJAMAN
|e PERPUSTAKAAN KOMUNITI PETALING JAYA
|
| 999 |
|
|
|a 040365
|b BUKU
|c PINJAMAN
|e PERPUSTAKAAN KOMUNITI PETALING JAYA
|